AFL Brownlow Medallists (2000s) - Statistics

General Stats
  • This quiz has been taken 663 times
    45 since last reset
  • The average score is 28 of 30
Answer Stats
Year Team Player % Correct
2010 Carlton Chris Judd
100%
2004 West Coast Chris Judd
100%
2017 Richmond Dustin Martin
100%
2013 Gold Coast Gary Ablett Jr.
100%
2009 Geelong Gary Ablett Jr.
100%
2023 Brisbane Lachie Neale
100%
2020 Brisbane Lachie Neale
100%
2025 Gold Coast Matt Rowell
100%
2019 Fremantle Nathan Fyfe
100%
2015 Fremantle Nathan Fyfe
100%
2021 Port Adelaide Ollie Wines
100%
2024 Carlton Patrick Cripps
100%
2022 Carlton Patrick Cripps
100%
2018 Hawthorn Tom Mitchell
100%
2011 Collingwood Dane Swan
97%
2012 Hawthorn Sam Mitchell
97%
2006 Sydney Adam Goodes
94%
2003 Sydney Adam Goodes
94%
2005 West Coast Ben Cousins
94%
2014 West Coast Matt Priddis
94%
2016 Geelong Patrick Dangerfield
94%
2002 Brisbane Lions Simon Black
94%
2012 Richmond Trent Cotchin
94%
2012 Essendon* Jobe Watson*
91%
2008 Western Bulldogs Adam Cooney
86%
2007 Geelong Jimmy Bartel
86%
2003 Collingwood Nathan Buckley
86%
2001 Brisbane Lions Jason Akermanis
83%
2003 Adelaide Mark Ricciuto
63%
2000 Melbourne Shane Woewodin
63%
No matching quizzes found
Score Distribution
Percent of People with Each Score
Percentile by Number Answered
Your Score History
You have not taken this quiz since the last reset